000 00291nam a22001337a 4500
020 _a0-7506-0817-X
082 _a380.1 WHI'C
100 _aWHITEHEAD, GEOFFREY
_975048
245 _aCOMMERCE
250 _a12TH
260 _aOXFORD
_bMADE SIMPLE BOOK
_c1993
300 _a402P
942 _cBK
999 _c580540
_d580540